[Event "Shenzhen Guangming"]
[Site "Shenzhen"]
[Date "2024.10.27"]
[Round "4"]
[White "Xu, Yiming"]
[Black "Zhang, Zhi"]
[Result "0-1"]
[WhiteElo "1881"]
[BlackElo "2138"]
[PlyCount "102"]
[EventDate "2024.10.26"]
[EventType "swiss"]
[EventRounds "9"]
[EventCountry "CHN"]
[SourceTitle "CB45_2024"]
[Source "ChessBase"]
[SourceDate "2024.11.06"]
[SourceVersion "1"]
[SourceVersionDate "2024.11.06"]
[SourceQuality "1"]

1. e4 d6 2. d4 Nf6 3. Nc3 e5 4. Nf3 exd4 5. Nxd4 Be7 6. Bd3 0-0 7. 0-0 Re8 8. Re1 Nbd7 9. Bf4 Bf8 10. Nd5 c6 11. Nxf6+ Qxf6 12. Be3 Ne5 13. Be2 Ng6 14. Bd3 Ne5 15. Be2 Nd7 16. Bd3 Nc5 17. f3 Bd7 18. c3 Nxd3 19. Qxd3 a5 20. a4 Be7 21. Ne2 Bd8 22. Red1 Bc7 23. Bd4 Qe7 24. Bc5 dxc5 25. Qxd7 c4 26. Qxe7 Rxe7 27. Nd4 Rd8 28. Kf1 Red7 29. Ke2 Bxh2 30. Nc2 Rxd1 31. Rxd1 Rxd1 32. Kxd1 Bd6 33. Ke2 Kf8 34. Ne3 b5 35. axb5 cxb5 36. Nd5 f6 37. Ke3 Ke8 38. f4 Kd7 39. f5 Bc5+ 40. Kd2 Kd6 41. Nf4 Ke5 42. Ne6 Bb6 43. Nxg7 Kxe4 44. Ne8 Ke5 45. g4 b4 46. cxb4 axb4 47. Kc2 Bd4 48. Nc7 b3+ 49. Kb1 Ke4 50. Ne6 Be5 51. Kc1 h6 0-1

[Event "CHN-ch U20"]
[Site "Shenzhen"]
[Date "2023.08.02"]
[Round "11"]
[White "Jiang, Qinyu"]
[Black "Xu, Yiming"]
[Result "1-0"]
[WhiteElo "2294"]
[BlackElo "1788"]
[PlyCount "79"]
[EventDate "2023.07.28"]
[EventType "swiss"]
[EventRounds "11"]
[EventCountry "CHN"]
[SourceTitle "CBM 215 Extra"]
[Source "ChessBase"]
[SourceDate "2023.09.30"]
[SourceVersion "1"]
[SourceVersionDate "2023.09.30"]
[SourceQuality "1"]

1. e4 e5 2. Nf3 Nf6 3. d4 Nxe4 4. Bd3 Nc6 5. Nxe5 Nxe5 6. dxe5 Nc5 7. Bc4 d6 8. Qf3 Be6 9. Bxe6 Nxe6 10. exd6 Bxd6 11. Be3 Qf6 12. Qxf6 gxf6 13. Nd2 0-0-0 14. 0-0-0 Bf4 15. Rhe1 Bxe3 16. Rxe3 f5 17. Re5 f4 18. Nf3 Rxd1+ 19. Kxd1 Rg8 20. Nh4 Rg5 21. Rf5 Rg4 22. Rh5 Rg7 23. c3 Kd7 24. Ke2 f6 25. Kf3 Re7 26. Nf5 Rf7 27. Nd4 b6 28. Nxe6 Kxe6 29. Kxf4 Rd7 30. Ke3 c5 31. g4 c4 32. f4 a6 33. Rh6 Re7 34. Kf3 b5 35. g5 a5 36. Rxf6+ Kd5 37. Rf5+ Kc6 38. Re5 Rd7 39. f5 b4 40. f6 1-0

[Event "CHN-ch U20"]
[Site "Shenzhen"]
[Date "2023.07.30"]
[Round "6"]
[White "Xu, Yiming"]
[Black "Zhang, Yifan"]
[Result "1-0"]
[WhiteElo "1788"]
[BlackElo "1975"]
[PlyCount "41"]
[EventDate "2023.07.28"]
[EventType "swiss"]
[EventRounds "11"]
[EventCountry "CHN"]
[SourceTitle "CBM 215 Extra"]
[Source "ChessBase"]
[SourceDate "2023.09.30"]
[SourceVersion "1"]
[SourceVersionDate "2023.09.30"]
[SourceQuality "1"]

1. Nf3 Nf6 2. c4 g6 3. Nc3 Bg7 4. e4 d6 5. d4 0-0 6. Be2 Nbd7 7. 0-0 e5 8. dxe5 dxe5 9. h3 c6 10. Be3 Qe7 11. Qc2 Nh5 12. Ne1 Nf4 13. Nd3 Ne6 14. Bf3 Nd4 15. Bxd4 exd4 16. Ne2 Ne5 17. Nxe5 Bxe5 18. Nc1 Bxh3 19. gxh3 Qg5+ 20. Bg2 Qf4 21. Re1 1-0

[Event "CHN-ch U20"]
[Site "Shenzhen"]
[Date "2023.07.30"]
[Round "5"]
[White "Zhou, Ziyu"]
[Black "Xu, Yiming"]
[Result "1/2-1/2"]
[WhiteElo "1314"]
[BlackElo "1788"]
[PlyCount "45"]
[EventDate "2023.07.28"]
[EventType "swiss"]
[EventRounds "11"]
[EventCountry "CHN"]
[SourceTitle "CBM 215 Extra"]
[Source "ChessBase"]
[SourceDate "2023.09.30"]
[SourceVersion "1"]
[SourceVersionDate "2023.09.30"]
[SourceQuality "1"]

1. Nf3 Nf6 2. g3 c5 3. Bg2 Nc6 4. c4 e5 5. Nc3 d6 6. h3 Be7 7. e3 0-0 8. d4 exd4 9. exd4 Nd7 10. 0-0 Nb6 11. d5 Ne5 12. Nxe5 dxe5 13. b3 f5 14. Kh2 Bd6 15. Qh5 Nd7 16. Bb2 Nf6 17. Qe2 Bd7 18. a4 a6 19. Rae1 Qe7 20. f4 Rae8 21. fxe5 Bxe5 22. Qf2 Nh5 23. Rxe5 1/2-1/2

[Event "CHN-ch U20"]
[Site "Shenzhen"]
[Date "2023.07.29"]
[Round "3"]
[White "Chen, Hongsen"]
[Black "Xu, Yiming"]
[Result "1-0"]
[WhiteElo "1985"]
[BlackElo "1788"]
[PlyCount "40"]
[EventDate "2023.07.28"]
[EventType "swiss"]
[EventRounds "11"]
[EventCountry "CHN"]
[SourceTitle "CBM 215 Extra"]
[Source "ChessBase"]
[SourceDate "2023.09.30"]
[SourceVersion "1"]
[SourceVersionDate "2023.09.30"]
[SourceQuality "1"]

1. d4 d5 2. c4 e6 3. Nc3 c6 4. e4 dxe4 5. Nxe4 Bb4+ 6. Bd2 Bxd2+ 7. Qxd2 Nf6 8. Nc3 0-0 9. Nf3 Qe7 10. 0-0-0 a6 11. g4 b5 12. g5 b4 13. Na4 Ne4 14. Qe3 Nd6 15. Bd3 Ra7 16. Qf4 Nd7 17. Rde1 Ne8 18. Rhg1 g6 19. Nd2 Qd6 20. Qh4 f5 1-0

[Event "Tianjin Binhai Cup 2nd"]
[Site "Tianjin"]
[Date "2020.01.16"]
[Round "6"]
[White "Xu, Yiming"]
[Black "Guan, Runpei"]
[Result "1-0"]
[WhiteElo "1778"]
[BlackElo "1561"]
[PlyCount "51"]
[EventDate "2020.01.13"]
[EventType "swiss"]
[EventRounds "9"]
[EventCountry "CHN"]
[SourceTitle "CBM 194 Extra"]
[Source "ChessBase"]
[SourceDate "2020.03.31"]
[SourceVersion "1"]
[SourceVersionDate "2020.03.31"]
[SourceQuality "1"]

1. e4 e5 2. Nc3 Nc6 3. Bc4 Nf6 4. d3 Be7 5. f4 Bc5 6. Nf3 d6 7. f5 h6 8. h3 Bb4 9. 0-0 Bxc3 10. bxc3 0-0 11. Qe1 Re8 12. a4 Na5 13. Ba2 Re7 14. Qh4 Rd7 15. g4 Nh7 16. g5 hxg5 17. Nxg5 Nf6 18. Nf3 Qe7 19. Bg5 d5 20. Kh1 dxe4 21. Rg1 exf3 22. Bxf6 Qf8 23. Bxg7 Qxg7 24. Rxg7+ Kxg7 25. f6+ Kg6 26. Rg1+ 1-0